000 00310nam a22001217a 4500
040 _cBTJ
082 _a630
100 _aSAM MAYANY; សំ ម៉ាយ៉ានី
245 _aAgriculture Coparee; កសិកម្មប្រៀបធៀប
260 _aRUA
_bSAM
_c1995
300 _a108p.
942 _cKB
999 _c10307
_d10307